LEADER 03465nam 2200709 a 450 001 9910457690303321 005 20200520144314.0 010 $a1-61811-039-X 024 7 $a10.1515/9781618110398 035 $a(CKB)2550000000063136 035 $a(EBL)3110391 035 $a(SSID)ssj0000565427 035 $a(PQKBManifestationID)12243971 035 $a(PQKBTitleCode)TC0000565427 035 $a(PQKBWorkID)10528157 035 $a(PQKB)10780003 035 $a(MiAaPQ)EBC3110391 035 $a(DE-B1597)541032 035 $a(OCoLC)767644715 035 $a(DE-B1597)9781618110398 035 $a(Au-PeEL)EBL3110391 035 $a(CaPaEBR)ebr10509016 035 $a(CaONFJC)MIL574363 035 $a(EXLCZ)992550000000063136 100 $a20080324d2008 uy 0 101 0 $aeng 135 $aur|n|---||||| 181 $ctxt 182 $cc 183 $acr 200 10$aTime and life cycle in Talmud and Midrash$b[electronic resource] $esocio-anthropological perspectives /$fNissan Rubin 210 $aBoston $cAcademic Studies Press$d2008 215 $a1 online resource (236 p.) 225 1 $aJudaism and Jewish life 300 $aDescription based upon print version of record. 311 $a1-934843-07-5 320 $aIncludes bibliographical references (p. 193-[209]) and indexes. 327 $aThe sociology and anthropology of Talmudic texts -- The clothing of the primordial Adam as a symbol of apocalyptic time in the Midrashic sources -- Brit milah: a study of change in custom -- Coping with the value of the Pidyon ha?ben payment in rabbinic literature: an example of a social change process -- Birth and marriage rituals: women's status in a critical reading of the texts -- The sages' conception of the body and soul -- From corpse to corpus: the body as a text in Talmudic literature -- Birkat avelim--the blessing of mourners: ritual aspects of social change. 330 $aFocusing on the concepts of time and the life cycle, this collection of articles examines Jewish life in the Talmudic period through the lens of Jewish law and custom of the time. The essays are the work of Nissan Rubin (one of them written in collaboration with Admiel Kosman) and come together to present the cultural perspective of the sages and scholars who produced the stepping-stones of Jewish life and custom. By using a structural approach, Rubin is able to identify processes of long-term change in a society that remains largely traditional and stable. Symbolic analysis supplies an additional dimension to these studies, enabling the reader to experience the cultural subtexts. 410 0$aJudaism and Jewish life. 606 $aJudaism$xCustoms and practices 606 $aLife cycle, Human$xReligious aspects$xJudaism 606 $aRabbinical literature$xHistory and criticism 606 $aMidrash 606 $aSociology 606 $aAnthropology 608 $aElectronic books. 615 0$aJudaism$xCustoms and practices. 615 0$aLife cycle, Human$xReligious aspects$xJudaism. 615 0$aRabbinical literature$xHistory and criticism. 615 0$aMidrash. 615 0$aSociology. 615 0$aAnthropology. 676 $a296.1/206 700 $aRubin$b Nissan$01044030 801 0$bMiAaPQ 801 1$bMiAaPQ 801 2$bMiAaPQ 906 $aBOOK 912 $a9910457690303321 996 $aTime and life cycle in Talmud and Midrash$92474855 997 $aUNINA LEADER 04712nam 2201057 a 450 001 9910781748303321 005 20230725051405.0 010 $a1-283-28954-7 010 $a9786613289544 010 $a0-520-95058-5 024 7 $a10.1525/9780520950580 035 $a(CKB)2550000000049357 035 $a(EBL)776175 035 $a(OCoLC)756484251 035 $a(SSID)ssj0000554434 035 $a(PQKBManifestationID)11344517 035 $a(PQKBTitleCode)TC0000554434 035 $a(PQKBWorkID)10514317 035 $a(PQKB)11555519 035 $a(MiAaPQ)EBC776175 035 $a(DE-B1597)519570 035 $a(OCoLC)763159385 035 $a(DE-B1597)9780520950580 035 $a(Au-PeEL)EBL776175 035 $a(CaPaEBR)ebr10500361 035 $a(CaONFJC)MIL328954 035 $a(EXLCZ)992550000000049357 100 $a20110808d2011 uy 0 101 0 $aeng 135 $aur|n|---||||| 181 $ctxt 182 $cc 183 $acr 200 00$aBoreal birds of North America$b[electronic resource] $ea hemispheric view of their conservation links and significance /$fJeffrey V. Wells, editor 210 $aBerkeley [Calif.] $cUniversity of California Press$d2011 215 $a1 online resource (160 p.) 225 1 $aStudies in avian biology ;$vno. 41 300 $a"A publication of the Cooper Ornithological Society." 311 $a0-520-27100-9 320 $aIncludes bibliographical references and index. 327 $tFrontmatter -- $tContents -- $tContributors -- $tPreface -- $tAcknowledgments -- $t1. Boreal Forest Threats And Conservation Status -- $t2. Global Role For Sustaining Bird Populations -- $t3. Waterfowl Conservation Planning: Science Needs And Approaches -- $t4. Breeding Distribution And Ecology Of Pacific Coast Surf Scoters -- $t5. Geospatial Modeling Of Abundance With Breeding Bird Atlas Data -- $t6. The Boreal Landbird Component Of Migrant Bird Communities In Eastern North America -- $t7. Boreal Migrants In Winter Bird Communities -- $t8. Important Bird Areas As Wintering Sites For Boreal Migrants In The Tropical Andes -- $t9. Understanding Declines In Rusty Blackbirds -- $tIndex -- $tSeries List 330 $aReaching from interior Alaska across Canada to Labrador and Newfoundland, North America's boreal forest is the largest wilderness area left on the planet. It is critical habitat for billions of birds; more than 300 species regularly breed there. After the breeding season, many boreal birds migrate to seasonal habitats across the United States, Mexico, the Caribbean, and Central and South America. This volume brings together new research on boreal bird biology and conservation. It highlights the importance of the region to the global avifauna and to the connectivity between the boreal forest and ecoregions throughout the Americas. The contributions showcase a unique set of perspectives on the migration, wintering ecology, and conservation of bird communities that are tied to the boreal forest in ways that may not have been previously considered. 410 0$aStudies in avian biology ;$vno. 41. 606 $aForest birds$zCanada 606 $aForest birds$zAlaska 606 $aBirds$xEcology$zNorth America 606 $aTaiga ecology$zNorth America 610 $aalaskan birds. 610 $aamerican birds. 610 $aavian biology. 610 $aavian guide. 610 $abiodiversity. 610 $abird conservation. 610 $abird guide book. 610 $abird habitats. 610 $abird migration. 610 $abird species. 610 $abirds and ecosystems. 610 $abirds and forest. 610 $abirdwatcher books. 610 $aboreal forest. 610 $aboreal regions. 610 $acanadian birds. 610 $aclimate change. 610 $aecology and birds. 610 $aecology and conservation. 610 $aecosystems and species. 610 $aendangered species. 610 $aenvironment conservation. 610 $aenvironment protection. 610 $aglobal warming. 610 $amexican birds. 610 $aornithologists. 610 $aornithology. 610 $aseasonal habitats. 610 $atropical birds. 610 $azoology. 615 0$aForest birds 615 0$aForest birds 615 0$aBirds$xEcology 615 0$aTaiga ecology 676 $a639.9/78 701 $aWells$b Jeffrey V$g(Jeffrey Vance),$f1964-$01483513 801 0$bMiAaPQ 801 1$bMiAaPQ 801 2$bMiAaPQ 906 $aBOOK 912 $a9910781748303321 996 $aBoreal birds of North America$93814388 997 $aUNINA 999 $p$50.35$u05/11/2016$5Bio LEADER 02130nam 2200505 450 001 9910817811603321 005 20230809234207.0 010 $a1-119-07800-8 010 $a1-119-07801-6 035 $a(CKB)4340000000195539 035 $a(MiAaPQ)EBC4983754 035 $a(Au-PeEL)EBL4983754 035 $a(CaPaEBR)ebr11428650 035 $a(CaONFJC)MIL1028250 035 $a(OCoLC)988749181 035 $a(EXLCZ)994340000000195539 100 $a20170919h20172017 uy 0 101 0 $aeng 135 $aurcnu|||||||| 181 $2rdacontent 182 $2rdamedia 183 $2rdacarrier 200 10$aEnhancing adult motivation to learn $ea comprehensive guide for teaching all adults /$fRaymond J. Wlodkowski, Margery B. Ginsberg 205 $aFourth edition. 210 1$aSan Francisco, California :$cJossey-Bass,$d2017. 210 4$d©2017 215 $a1 online resource (490 pages) $cillustrations 311 $a1-119-07799-0 320 $aIncludes bibliographical references and indexes. 327 $aUnderstanding motivation for adult learners -- Understanding how aging and culture affect motivation to learn -- Characteristics and skills of a motivating instructor : the five pillars -- What motivates adults to learn -- Encouraging motivation in online formats -- Establishing inclusion among adult learners -- Helping adults develop positive attitudes toward learning -- Enhancing meaning in learning activities -- Engendering competence among adult learners -- Building motivational strategies into instructional designs -- Epilogue : ethical considerations for an instructor of adults. 606 $aMotivation in adult education 606 $aAdult learning 615 0$aMotivation in adult education. 615 0$aAdult learning. 676 $a374.0019 686 $a44.08.12$2EP-CLASS 700 $aWlodkowski$b Raymond J.$01129546 702 $aGinsberg$b Margery B.$f1954- 801 0$bMiAaPQ 801 1$bMiAaPQ 801 2$bMiAaPQ 906 $aBOOK 912 $a9910817811603321 996 $aEnhancing adult motivation to learn$94009710 997 $aUNINA LEADER 01814cam a2200289 4500 001 991003156149707536 005 20250430125950.0 008 950716s1606 nl f b 000 0 lat d 035 $ab14289611-39ule_inst 035 $aCICOGNARA-4224$9ExL 040 $aBibl. Interfacoltà T. Pellegrino$bita 100 1 $aTempesta, Antonio$d<1555-1630>$0294662 245 10$aMetamorphoseon sive Transformationum Ovidianarum libri quindecim, aeneis formis ab Antonio Tempesta florentino incisi, et in pictorum, antiquitatisque studiosorum gratiam nunc primum exquisitissimis sumptibus a Petro de Iode antuerpiano in lucem editi. 260 $aAmstelodami,$bWilhelmus Ianssonius,$c[1606] 300 $a1 f. p., 150 tav.; $ccm. 17 x 21. 500 $aFront. inciso. 500 $aRiproduzione in microfiche dell'originale conservato presso la Biblioteca Apostolica Vaticana 600 14$aOvidius Naso, Publius,$d43 a.C.-17/18 d.C.$tMetamorphoses$9(Ovidius Naso, Publius, 43 a.C.-17/18 d.C.)$xIllustrazioni 700 1 $aJode, Pieter de$d<1570-1634> 787 18$iLeopoldo Cicognara Program :$tBiblioteca Cicognara$h[microform] : literary sources in the history of art and kindred subjects 787 18$tCatalogo ragionato dei libri d'arte e d'antichità / Leopoldo Cicognara 907 $a.b14289611$b01-04-22$c28-07-16 912 $a991003156149707536 945 $aLE002 SB Raccolta Cicognara, mcrf 4749$g0$lle002$pE0.00$rn$so $t11$u0$v0$w0$x0$y.i15760923$z28-07-16 996 $aMetamorphoseon sive Transformationum Ovidianarum libri quindecim, aeneis formis ab Antonio Tempesta florentino incisi, et in pictorum, antiquitatisque studiosorum gratiam nunc primum exquisitissimis sumptibus a Petro de Iode antuerpiano in lucem editi$91390862 997 $aUNISALENTO 998 $ale002$b28-07-16$cm$dg $e-$flat$gnl $h0$i1 LEADER 01385nam0 22003011i 450 001 UON00499475 005 20231205105408.113 010 $a978-88-999823-8-6 100 $a20191031d2017 |0itac50 ba 101 $aita 102 $aIT 105 $a|||| ||||| 200 1 $aˆL'‰Africa delle città$eUrban Africa$fa cura di Alessandro Gusman e Cecilia Pennacini. -Torino$eaAccademia University Press$eCentro piemontese di studi africani, 2017 210 $axxvi$d381 p.$cill. ; 21 cm 517 1$3UON00501659$aUrban Africa 606 $aUrbanizzazione$xAfrica$3UONC025512$2FI 620 $aIT$dTorino$3UONL000014 676 $a307.24$cMOVIMENTO DALLE COMUNITA' RURALI ALLE URBANE$v21 702 1$aGUSMAN$bAlessandro$3UONV222612 702 1$aPennacini$bCecilia$3UONV045218 712 $aAccademia University Press$3UONV285003$4650 801 $aIT$bSOL$c20250808$gRICA 899 $aSIBA - SISTEMA BIBLIOTECARIO DI ATENEO$2UONSI 912 $aUON00499475 950 $aSIBA - SISTEMA BIBLIOTECARIO DI ATENEO$dSI GEN 1103 $eSI 33814 7 1103 $sTesto d'esame 951 $aSIBA - SISTEMA BIBLIOTECARIO DI ATENEO$bSI20191311 1J 20191031 996 $aAfrica delle città$91565304 997 $aUNIOR